000 01203cam a2200313 i 4500
001 8698
003 Mx-PuUPA
005 20251010141116.0
008 140415s2009 mx b gr 001 0 spa d
020 _a9786074620610
040 _aMx-PuUPA
_bspa
_cMx-PuUPA
_dMx-PuUPA
_erda
041 0 _aspa
043 _aa-kr---
245 0 0 _aHistoria mínima de Corea /
_cJosé Luis León Manríquez, coordinador
250 _aPrimera edición
264 1 _aMéxico, D.F :
_bEl Colegio de México : Centro de Estudios de Asia y África,
_c2009
300 _a263 páginas :
_bmapas ;
_c21 cm
336 _2rdacontent
_atexto
_btxt
337 _2rdamedia
_asin medio
_bn
338 _2rdacarrier
_avolumen
_bnc
490 0 _a[Historia mínima]
651 4 _aCorea
_xHistoria
700 1 _aLeón Manríquez, José Luis,
_ecoordinador
775 0 _aHistoria mínima de Corea
_bPrimera edición
_dMéxico, D.F. : El colegio de México : Centro de Estudios de Asia y África, 2010
_w(Mx-PuUPA) 24937
_z9786074620610
942 _2ddc
_cLI
_h951.9
_iH67
999 _c8698
_d8698